Best Education Systems in the World - Statistics

General Stats
  • This quiz has been taken 254 times
  • The average score is 15 of 19
Answer Stats
Rank Answer % Correct
5 United Kingdom
97%
2 Japan
95%
13 United States of America
95%
11 Germany
92%
6 Canada
91%
4 Finland
90%
1 South Korea
88%
14 Australia
86%
10 Denmark
85%
7 Netherlands
83%
15 New Zealand
82%
8 Ireland
80%
17 Belgium
79%
19 Switzerland
79%
3 Singapore
71%
9 Poland
70%
12 Russia
60%
18 Czech Republic
54%
16 Israel
50%
No matching quizzes found
Score Distribution
Percent of People with Each Score
Percentile by Number Answered
Your Score History
You have not taken this quiz